00963cam a22002771 4500001001300000003000400013005001700017008004100034010001700075025001900092040001800111043001200129050002200141082000800163100003600171245011200207250001100319260003700330300003900367350001400406500007400420650005500494700002200549710009700571999001700668sa 68004939 DLC20260227112505.0720425s1968 ii k 000 0 eng  asa 68004939  aPL480:I-E-9937 aDLCcDLCdDLC aa-ii---00aKNS961b.S27 196800a3401 aSastri, L. S.q(L. Subrahmanya)10aL. S. Sastri's law and practice of co-operative societies in India, central & states,cby T. R. Srinivasan. a2d ed. aAllahabad,bLaw Book Co.,c1968. a2 v. (vi, 1535 p.)bforms.c25 cm. aRs30 each aFirst ed., 1951, entered under India (Republic). Laws, statutes, etc. 0aCooperative societiesxLaw and legislationzIndia.1 aSrinivasan, T. R.1 aIndia (Republic).kLaws, statutes, etc.tLaw and practice of cooperative societies in India. c80438d80438